000 00864cad a22002055a 4500
001 E152517
008 110321s2011 xxk f s000 0 eng d
020 _a9781780450841
035 _a(Sirsi) u152517
041 0 _aeng
110 1 _aScotland
_bScottish Government
_95344
245 0 0 _aScotland's national marine plan
_bpre-consultation draft
_h[electronic resource]
260 _aEdinburgh
_bScottish Government
_c2011
520 _aSeeks views on the management of the marine environment through the creation of a national marine plan. Deadline for comments is 7 June 2011.
590 _aKA
651 4 _aScotland
_y1999-
690 _aPROPERTY-RURAL AND NATURAL ASSETS-MARINE RESOURCES-MARINE RESOURCE MANAGEMENT
856 4 0 _uhttps://www.scotland.gov.uk/Publications/2011/03/21114728/0
_zView the report free of charge at www.scotland.gov.uk
942 _n0
999 _c112091
_d112091